000 00896nam a2200229 a 4500
001 82313
003 BD-RjUL
005 20231120120730.0
008 231120s2020 bg ||||| |||| 00| 0 eng d
020 _a9789843489630
035 _a(BD-RjUL)82313
040 _aBD-RjUL
_beng
_cBD-RjUL
041 _aeng
082 _223
_a891.441
_bAHP 2020
100 _aআমেদ, শামীম
_910103
245 _aপেঁচার পাঁচালি ২ :
_bজলজ প্রাণী /
_cমূল ভাবনা মুকিত মজুমদার বাবু ; রচনা শামীম আমেদ
260 _aঢাকা :
_bপ্রকৃতি ও জীবন ফাউন্ডেশন,
_c২০২০
650 _aবাংলা কবিতা
650 _aBengali poetry
700 _aবাবু , মুকিত মজুমদার
_97577
942 _2ddc
_cBK
999 _c82313
_d82313